Optional or Mandatory? Dark Souls 3 Bosses - Statistics

General Stats
  • This quiz has been taken 313 times
  • The average score is 22 of 25
Answer Stats
Hint Explanation Answer % Correct
Abyss Watchers Mandatory
95%
Soul of Cinder Mandatory
94%
Iudex Gundyr Mandatory
93%
Vordt of the Boreal Valley Mandatory
93%
Pontiff Sulyvahn Mandatory
93%
Lothric, Younger Prince and Lorian, Elder Prince Mandatory
93%
Aldrich, Devourer of Gods Mandatory
92%
Darkeater Midir Both DLC's are completely optional Optional
92%
Dragonslayer Armor Mandatory
91%
High Lord Wolnir Mandatory
90%
Yhorm the Giant Mandatory
90%
Dancer of the Boreal Valley Mandatory
90%
King of the Storm and Nameless King Optional
90%
Champion's Gravetender & Gravetender Greatwolf Both DLC's are completely optional Optional
90%
Deacons of the Deep Mandatory
89%
Old Demon King Optional
87%
Crystal Sage Mandatory
86%
Ancient Wyvern Optional
86%
Oceiros, the Consumed King Optional
84%
Halflight, Spear of the Church Both DLC's are completely optional Optional
83%
Sister Friede Both DLC's are completely optional Optional
82%
Demon Prince Both DLC's are completely optional Optional
81%
Slave Knight Gael Both DLC's are completely optional Optional
80%
Champion Gundyr Optional
79%
Curse-Rotted Greatwood Optional
78%
No matching quizzes found
Score Distribution
Percent of People with Each Score
Percentile by Number Answered
Your Score History
You have not taken this quiz